Statistics for The words in Pater Noster

Click here to take the quiz!

General Stats

  • This quiz has been taken 97 times
  • The average score is 40 of 50

Answer Stats

Lyrics% Correct
Adveniat
100%
caelis,
100%
es
100%
in
100%
nomen
100%
Noster
100%
Pater
100%
qui
100%
regnum
100%
sanctificetur
100%
tuum.
100%
Fiat
93%
sicut
93%
tua,
93%
tuum.
93%
voluntas
93%
caelo
86%
da
86%
dimitte
86%
et
86%
et
86%
hodie,
86%
in
86%
in
86%
nobis
86%
nostrum
86%
Panem
86%
quotidianum
86%
terra.
86%
debita
79%
nobis
79%
nostra
79%
et
71%
sicut
71%
debitoribus
64%
dimittimus
64%
Et
64%
in
64%
inducas
64%
ne
64%
nos
64%
nos
64%
nostris.
64%
libera
57%
sed
57%
tentationem,
57%
a
50%
Amen
50%
malo.
50%
nos
50%

Score Distribution

Percentile by Number Answered

Percent of People with Each Score

Your Score History

You have not taken this quiz